00752cam a2200229 a 450000100060000000300080000600500170001400800390003102000290007003500190009904000270011804100080014508200300015310000280018324500820021126000380029330000270033150400510035860000420040965000170045165100540046836279BD-RjUL20211209052450.0140618s1990 cou b 001 0 eng a0813306264 (alk. paper)  a(BD-RjUL)36376 aDLCcDLCdBD-RjULbeng aeng00a947.0854092220bHAG 19901 aHĚŁazan, Barukh,d1942-10aGorbachev and his enemies :bthe struggle for perestroika /cBaruch A. Hazan. aBoulder :bWestview Press,c1990. aviii, 335 p. ;c24 cm. aIncludes bibliographical references and index.10aGorbachev, Mikhail Sergeevich,d1931- 0aPerestroika. 0aSoviet UnionxPolitics and governmenty1985-1991.